
Library Catalogue

| 000 -LEADER | |
|---|---|
| fixed length control field | 01676nam a2200229Ia 4500 |
| 003 - CONTROL NUMBER IDENTIFIER | |
| control field | OSt |
| 005 - DATE AND TIME OF LATEST TRANSACTION | |
| control field | 20260521111211.0 |
| 008 - FIXED-LENGTH DATA ELEMENTS--GENERAL INFORMATION | |
| fixed length control field | 160316s2014 xxu||||| |||| 00| 0 eng d |
| 020 ## - INTERNATIONAL STANDARD BOOK NUMBER | |
| International Standard Book Number | 9780195683790 (pbk.) |
| 082 ## - DEWEY DECIMAL CLASSIFICATION NUMBER | |
| Classification number | 338.954 FRA |
| 100 ## - MAIN ENTRY--PERSONAL NAME | |
| Personal name | Frankel, Francine R. |
| 245 ## - TITLE STATEMENT | |
| Title | India's political economy 1947- 2004 : |
| Remainder of title | the gradual revolution / |
| Statement of responsibility, etc. | Francine R. Frankel |
| 250 ## - EDITION STATEMENT | |
| Edition statement | 2nd ed. |
| 260 ## - PUBLICATION, DISTRIBUTION, ETC. | |
| Place of publication, distribution, etc. | New Delhi : |
| Name of publisher, distributor, etc. | Oxford University Press, |
| Date of publication, distribution, etc. | 2005. |
| 300 ## - PHYSICAL DESCRIPTION | |
| Extent | xx, 819 p. ; |
| Dimensions | 24 cm. |
| 365 ## - TRADE PRICE | |
| Price amount | RS. 695.00 |
| 505 ## - Contents | |
| Contents | 1. Introduction: The Paradox of Accommodative Politics and Radical Social Change;<br/>2. Class Conciliation and Class Struggle: Competitive Patterns of Mass Mobilization in Indian Nationalism;<br/>3. Growth and Democratic Social Transformation: Multiple Goals of Economic Planning;<br/>4. The Contradiction of Rapid Industrialization and Gradual Agrarian Reform;<br/>5. Failures of Implementation;<br/>6. Attack on Socialist Principles of Planning;<br/>7. Retreat from the Social Goals of Planning: SEVEN Domestic Constraints and Foreign Pressures;<br/>8. Crisis of National Economic Planning;<br/>9. Crisis of Political Stability;<br/>10. The Congress Split and the Radicalization of Indian Politics;<br/>11. eprise: Class Accommodation or Class Struggle?;<br/>12. Impasse;<br/>13. Emergency and Beyond;<br/>14.Toward Two Economies: Macroeconomic Reforms without Redistributive Change;<br/>15.Political Fragmentation, Social Conflict and Challenges to India's Democracy;<br/>16. The Challenge of Hindu Nationalism to India's Constitutional Democracy. |
| 650 ## - SUBJECT ADDED ENTRY--TOPICAL TERM | |
| Topical term or geographic name entry element | Political economy |
| 650 ## - SUBJECT ADDED ENTRY--TOPICAL TERM | |
| Topical term or geographic name entry element | Economic planning |
| 650 ## - SUBJECT ADDED ENTRY--TOPICAL TERM | |
| Topical term or geographic name entry element | Industrialization -- agrarian reforms. |
| 942 ## - ADDED ENTRY ELEMENTS (KOHA) | |
| Source of classification or shelving scheme | Dewey Decimal Classification |
| Koha item type | BOOKs |
| Withdrawn status | Lost status | Source of classification or shelving scheme | Damaged status | Not for loan | Home library | Current library | Shelving location | Date acquired | Cost, normal purchase price | Total Checkouts | Full call number | Barcode | Date last seen | Date last checked out | Price effective from | Koha item type | Total Renewals | Materials specified (bound volume or other part) | Source of acquisition |
|---|---|---|---|---|---|---|---|---|---|---|---|---|---|---|---|---|---|---|---|
| Dewey Decimal Classification | NLS | NLS | General Stacks | 30/05/2017 | 750.00 | 1 | 338.954 FRA | 20853 | 15/11/2018 | 15/11/2018 | 30/05/2017 | BOOKs | |||||||
| NLS | NLS | General Stacks | 30/05/2017 | 695.00 | 3 | 338.954 FRA-3 | 32436 | 09/04/2022 | 27/11/2020 | 30/05/2017 | BOOKs | 3 | |||||||
| Dewey Decimal Classification | NLS | NLS | General Stacks | 01/12/2017 | 750.00 | 7 | 338.954 FRA-2 | 35692 | 03/10/2025 | 07/08/2025 | 01/12/2018 | BOOKs | 1 | HB | Purchased |